[Event "Ramat Gan Purim Rapid op"]
[Site "Ramat Gan"]
[Date "2023.03.06"]
[Round "3"]
[White "Smoliar, Klim"]
[Black "Aroeta, Benny"]
[Result "0-1"]
[WhiteElo "1855"]
[BlackElo "1985"]
[PlyCount "54"]
[EventDate "2023.03.06"]
[EventType "swiss (rapid)"]
[EventRounds "5"]
[EventCountry "ISR"]
[SourceTitle "CBM 213 Extra"]
[Source "ChessBase"]
[SourceDate "2023.05.31"]
[SourceVersion "1"]
[SourceVersionDate "2023.05.31"]
[SourceQuality "1"]

1. d4 d5 2. Bf4 Nf6 3. Nf3 Bf5 4. e3 e6 5. c4 Bb4+ 6. Nc3 Bxc3+ 7. bxc3 0-0 8. h3 c6 9. Qb3 b6 10. Ne5 Qc8 11. cxd5 cxd5 12. c4 Nc6 13. cxd5 Na5 14. Qb2 Nxd5 15. Rc1 Qb7 16. Bg3 Rac8 17. Rxc8 Rxc8 18. Bd3 Bxd3 19. Nxd3 Qa6 20. Ke2 Nc3+ 21. Kf3 Qxd3 22. Bf4 Nc4 23. Qb4 Qe4+ 24. Kg3 Ne2+ 25. Kh2 Nxf4 26. exf4 Qxf4+ 27. Kg1 Nd2 0-1

[Event "Ramat Gan op"]
[Site "Ramat Gan"]
[Date "2023.02.27"]
[Round "6"]
[White "Sherman, Reem"]
[Black "Aroeta, Benny"]
[Result "1/2-1/2"]
[WhiteElo "2249"]
[BlackElo "1978"]
[PlyCount "147"]
[EventDate "2023.01.16"]
[EventType "swiss"]
[EventRounds "7"]
[EventCountry "ISR"]
[SourceTitle "CBM 213 Extra"]
[Source "ChessBase"]
[SourceDate "2023.05.31"]
[SourceVersion "1"]
[SourceVersionDate "2023.05.31"]
[SourceQuality "1"]

1. e4 Nf6 2. e5 Nd5 3. Bc4 Nb6 4. Bb3 Nc6 5. Nf3 d6 6. exd6 exd6 7. 0-0 Be7 8. d4 0-0 9. h3 Na5 10. Nc3 Nxb3 11. axb3 Bf5 12. Bf4 h6 13. Qd2 Qd7 14. Kh2 Bh7 15. h4 Qf5 16. Rfc1 a6 17. Bg3 g5 18. d5 Bf6 19. hxg5 hxg5 20. Nd4 Qg4 21. Nde2 Rae8 22. f3 Qh5+ 23. Kg1 Bg7 24. Bf2 Nd7 25. Be3 g4 26. f4 g3 27. Nxg3 Qg4 28. Qf2 Re7 29. f5 Rxe3 30. Nce2 Rfe8 31. Ra4 Qg5 32. Rf1 Nf6 33. Rb4 Ng4 34. Qf4 Qxf4 35. Rfxf4 Nf6 36. Rxb7 Rxe2 37. Nxe2 Rxe2 38. Rxc7 Re4 39. Rc8+ Bf8 40. Rf3 Ng4 41. g3 Ne3 42. c4 Nxf5 43. b4 Nd4 44. Rf2 Re1+ 45. Kh2 Be4 46. g4 Ne2 47. Kh3 Rh1+ 48. Rh2 Nf4+ 49. Kg3 Rxh2 50. Kxh2 Nd3 51. Re8 Bg6 52. c5 dxc5 53. d6 Kg7 54. d7 Bd6+ 55. Kg1 Bc7 56. Rc8 Bb6 57. Rb8 Ne5 58. Rxb6 Nxd7 59. Rd6 Ne5 60. bxc5 Be4 61. Rxa6 Nc6 62. Rb6 Kf6 63. Kf2 Ke5 64. Kg3 Kd5 65. b4 Kc4 66. Kf4 Bd5 67. b5 Kxc5 68. Rxc6+ Bxc6 69. bxc6 Kxc6 70. Ke5 Kd7 71. Kf6 Ke8 72. g5 Kf8 73. g6 fxg6 74. Kxg6 1/2-1/2